LEADER 01115nam a22002651i 4500 001 991002871349707536 005 20030813204613.0 008 030925s1929 it |||||||||||||||||ita 035 $ab12348764-39ule_inst 035 $aARCHE-039630$9ExL 040 $aBiblioteca Interfacoltà$bita$cA.t.i. Arché s.c.r.l. Pandora Sicilia s.r.l. 082 04$a850 100 1 $aTonelli, Luigi$02014 245 10$aAlla ricerca della personalità :$bseconda serie /$cLuigi Tonelli 260 $aCatania :$bStudio Editoriale Moderno,$c1929 300 $aXXVIII, 318 p. ;$c19 cm 650 4$aLetteratura italiana$xSec. 19.-20. 907 $a.b12348764$b02-04-14$c08-10-03 912 $a991002871349707536 945 $aLE002 850.9009 TON 1929 945 $aLE002 It. IX M 15 (Fondo Sanesi)$g1$i2002000171481$lle002$o-$pE0.00$q-$rn$so $t0$u0$v0$w0$x0$y.i12752368$z08-10-03 945 $aLE002 Fondo Giudici E 1418$g2$i2002000224552$lle002$o-$pE0.00$q-$rn$so $t0$u0$v0$w0$x0$y.i15156606$z26-07-10 996 $aAlla ricerca della personalità$9139612 997 $aUNISALENTO 998 $ale002$b08-10-03$cm$da $e-$fita$git $h0$i1